000 00597nam a2200229Ia 4500
003 OSt
005 20230410162624.0
008 210423s2018 xx 000 0 und d
020 _a978-0-19-948939-8
040 _cAL
041 _aeng
082 _a330.954
_223
_bINDE
100 _aINDIA (Government of )
_985662
245 _aEconomic survey 2017-18 Vol II
260 _aNew Delhi
_bOxford University Press
_c2018
300 _axi,185,A163
_bPB
365 _b447.5
_cINR
440 _v2
650 _aEconomics
_985663
906 _a2017-18 ; Economic ; survey ; Vol
942 _2ddc
_cBK
999 _c169588
_d169588